000 00332nam a2200133Ia 4500
005 20260326235506.0
008 260326s9999||||xx |||||||||||||| ||und||
100 _aRuskin, John
245 0 _aLas siete lámparas de la Arquitectura /
_cJohn Ruskin
260 _bAlta Fulla
300 _a250 p.
650 _aARQUITECTURA
942 _cBK
999 _c8201
_d8201